000 00792cam a2200277 4500
008 #DATE n2002 000 0 eng u
020 _a1859421245
035 _a(Sirsi) u116263
041 _aeng
050 _a693.71
110 _aSteel Constuction Institute
_94205
245 4 _aThe steelwork design guide to BS5950-1:2000: volume 1- section properties, member capacities
250 _a6th ed.
260 _bSCI
_c2002
300 _axii,654p. $3 0cm.
350 _a70.00
520 _aKnown as the Blue Book.
650 _aBS 5950-1: 2000
650 _aBUILDING SITES
650 _aERECTORS MANUAL
650 _aHEALTH AND SAFETY
_96244
650 _aSTEEL ERECTION
650 _aSTRUCTURAL STEELWORK
690 _aBUILT ENVIRONMENT-CONSTRUCTION DESIGN
942 _n0
999 _c101844
_d101844